000 04074cgm a2200769Ka 4500
003 OCoLC
005 20241220120154.0
007 vd cvaizq
008 061120s2007 cau130 g vleng d
001 ocm76706471
020 _a0788868853
020 _a9780788868856
024 1 0 _a786936705157
028 4 2 _a50651
_bTouchstone
035 _a(Sirsi) i9780788868856
035 _a(OCoLC)76706471
037 _bMidwest Tape
_nhttp://www.midwesttapes.com
040 _aTEFMT
_cTEFMT
_dTEF
_dRCS
_dOCLCQ
_dRCS
_dGK8
_dUINTA
041 1 _aeng
_afre
_aspa
_bfre
_bspa
_heng
_geng
043 _ae-uk-en
049 _aUCLB
050 1 4 _aPN1995.9.S87
_bP7478544 2007
082 0 4 _a791.43/72
_222
092 _a791.437
245 0 4 _aThe prestige
_h[videorecording] /
_cTouchstone Pictures and Warner Bros. Pictures present a Newmarket Films and Syncopy production ; a film by Christopher Nolan ; produced by Aaron Ryder, Emma Thomas, Christopher Nolan ; screenplay by Jonathan Nolan and Christopher Nolan ; directed by Christopher Nolan.
260 _aBurbank, CA :
_bTouchstone Home Entertainment :
_bDistributed by Buena Vista Home Entertainment,
_c[2007]
300 _a1 videodisc (ca. 130 min.) :
_bsd., col. ;
_c4 3/4 in.
538 _aDVD, region 1, widescreen (2.35:1, enhanced) presentation; Dolby Digital 5.1 surround.
546 _aEnglish, French or Spanish dialogue, French or Spanish subtitles; closed-captioned; subtitles for the deaf and hard-of-hearing.
511 1 _aHugh Jackman, Christian Bale, Michael Caine, Scarlett Johansson, Rebecca Hall, Andy Serkis, Piper Perabo, David Bowie.
508 _aDirector of photography, Wally Pfister ; editor, Lee Smith ; music, David Julyan ; costume designer, Joan Bergin ; production designer, Nathan Crowley.
500 _aBased on the novel by Christopher Priest.
521 8 _aMPAA rating: PG-13; for violence and disturbing images.
520 _aSet against the backdrop of turn-of-the-century London. Two magicians share an intense rivalry with each other and leads them on a life-long battle for supremacy. The rivalry is so intense that is will be full of obsession, deceit and jealousy, with both dangerous and deadly consequences. From the time that Robert angier and Alfred Bordon first met, the two were competitors. However, their once friendly competition evolves into battle for each others trade secrets.
500 _aSpecial features: "The director's notebook: the cinematic sleight of hand of Christopher Nolan"; "The art of 'The prestige'" gallery.
650 0 _aMagicians
_zEngland
_zLondon
_vDrama.
_96506866
650 4 _aMagicians
_zEngland
_zLondon
_vDrama.
_96506866
650 7 _aMagia
_vTeatro.
_2bidex
_95712029
650 7 _aRelaciones humanas
_zInglaterra
_zLondon
_vTeatro.
_2bidex
_96506867
655 0 _aFeature films.
_96169290
655 7 _aThrillers (Motion pictures, television, etc.)
_2local
_96169291
655 0 _aScience fiction films.
_9102750
655 0 _aVideo recordings for the hearing impaired.
_96169292
655 7 _aThriller
_vFeature.
_2local
_95692409
655 0 _aScience fiction
_vFeature.
_95731994
655 0 _aThrillers (Motion pictures, television, etc.)
_96169291
700 1 _aJackman, Hugh.
_4act
_949889
700 1 _aBale, Christian,
_d1974- .
_4act
_966309
700 1 _aCaine, Michael.
_4act
_915693
700 1 _aJohansson, Scarlett,
_d1984- .
_4act
_958423
700 1 _aHall, Rebecca,
_d1982- .
_4act
_973700
700 1 _aSerkis, Andy.
_4act
_959379
700 1 _aPerabo, Piper.
_4act
_959302
700 1 _aBowie, David.
_4act
_915597
700 1 _aRyder, Aaron.
_4pro
_973704
700 1 _aThomas, Emma.
_4pro
_952019
700 1 _aNolan, Christopher,
_d1970- .
_4pro
_4aus.
_4drt.
_967566
700 1 _aNolan, Jonathan.
_4aus
_967598
700 1 _aPriest, Christopher,
_d1943-
_tPrestige.
_96169293
710 2 _aTouchstone Pictures.
_961297
710 2 _aWarner Bros. Pictures (1969- )
_968691
710 2 _aNewmarket Films.
_969017
710 2 _aSyncopy (Firm)
_95847506
942 _cDVD
_0371
994 _aC0
_bUINTA
998 _aa98584
999 _c44253
_d44253